000 00322nam a2200133Ia 4500
005 20251222154354.0
008 251222s9999||||xx |||||||||||||| ||spa||
020 _a8484472450
082 _aREF.909/R92/V.VI
245 0 _aHistoria Universal:
250 _a1ra. ed.
264 _bSantillan Educación, S.L.
942 _cLIB
999 _c35007
_d35007